Responses for Show #7666 - Monday, January 1, 2018

Contestants

[<< previous game]

Nick Spicher, a museum educator from Everett, Washington

Lisa McAndrews, an intellectual property attorney from White Plains, New York

Henry Ayoola, a Ph.D. student from Pittsburgh, Pennsylvania (whose 1-day cash winnings total $14,800)

[next game >>]

Jeopardy! Round responses

BEASTLY POETRY FILL-IN
LET'S GET ORGANIZED
POPCORN
BAND STANDS
ANNUAL EVENTS
WHAT A Q____T!
    $200 1
a lizard

Triple Stumper
    $200 18
the Library of Congress

Lisa
    $200 3
Thanksgiving

Lisa
    $200 24
(Alex: Less than a minute now.)

Radiohead

Lisa
    $200 7
Miss America pageant

Henry
    $200 12
a quilt

Lisa
    $400 2
a curious cat

Triple Stumper
    $400 19
a union

Nick
    $400 4
starch

Lisa
    $400 25
Rage Against the Machine

Lisa
    $400 8
St. Francis

Nick
    $400 13
a quest

Nick
    $500 17
a wolf

Henry
    $600 20
a bracket

Lisa
    $600 5
(Henry: What is caramel corn?)

kettle corn

HenryLisa
    $600 27
(Nick: What are political conventions?)
(Alex: Be more specific.)

the Democratic National Convention

Nick
    $600 9
Rockefeller Center

Nick
    $600 14
the quotient

Nick
    $800 21
a platoon

Lisa
    $800 6
Illinois

Nick
    $800 28
(Lisa: Who's... Pink Floyd?)
[The end-of-round signal sounds.]

an inflatable pig

Lisa
Triple Stumper
    $800 10
an orchid

Nick
    $800 15
(Henry: What is a chord?)

a quadrant

HenryNick
    $1000 22
a cross-reference

Nick
    $1000 23
(Lisa: What is Jiffy?)

Jolly Time

LisaNick
    $1000 26
Killer Mike

Triple Stumper
    $1000 11
Idaho

Nick
    $1000 16
(Lisa: What is...)
(Alex: Say it.)
(Lisa: I don't know.)

quiescent

HenryLisa

Scores at the first commercial break (after clue 15):

Henry Lisa Nick
-$1,200 $1,400 $5,400

Scores at the end of the Jeopardy! Round:

Henry Lisa Nick
$300 $800 $8,400

Double Jeopardy! Round responses

SAVED BY THE BELA
FLAGS
MUSIC & LITERATURE BEFORE & AFTER
3-LETTER RESPONSES
SIKH
YOU SHALL FIND
    $400 26
Bela Lugosi

Nick
    $400 1
a maple leaf

Lisa
    $400 6
Olivia Newton-John Grisham

Nick
    $400 7
the FBI

Henry
    $400 21
the guru

Triple Stumper
    $400 16
Fantastic Beasts

Lisa
    $800 27
[The end-of-round signal sounds.]

the Communist Party

Nick
    $800 2
Nepal

Nick
    $800 12
"Love Is A Battlefield Earth"

Lisa
    $800 8
CPA

Henry
    $800 22
Great Britain

Lisa
    $800 17
found footage

Lisa
    $1200 3
(Henry: Who is the Pope?)
(Alex: And I need you to be more specific. Who's the Pope now?)
(Henry: Who is Pope... Benedict?)

Pope Francis

HenryLisa
    $1200 13
(Lisa: What is will.i.am... biambic pentameter?)
[Accepted without remark]

will.i.ambic pentameter

Lisa
    $1200 9
CEO

Henry
    $1200 23
a turban

Lisa
    $1200 18
(Nick: What is Life?)

National Geographic

Nick
Triple Stumper
    $1600 4
Morocco

Henry
    $1600 14
(Nick: What is "Gangster's Paradise Lost"?)
[Originally ruled correct; ruled incorrect before the second Daily Double]

"Gangsta's Paradise Lost"

Nick
Triple Stumper
    $4,000 10
(Alex: Henry, anything?)
(Henry: Wh--)

MIT

Henry
    $2,000 24
(Alex: Lisa?)
(Lisa: What is...)
...
(Alex: We have less than a minute now.)

Singh

Lisa
    $1600 19
an alligator

Triple Stumper
    $2000 5
the Netherlands and Luxembourg

Henry
    $2000 15
The Spy Who Came in From the Coldplay

Triple Stumper
    $2000 11
DDT

Lisa
    $2000 25
Amritsar

Triple Stumper
    $2000 20
Diana Nyad

Nick

Scores at the end of the Double Jeopardy! Round:

Henry Lisa Nick
$1,100 $7,600 $10,000

[wagering suggestions for these scores]

Final Jeopardy! Round responses

PLACES IN 1950s NEWS
(Alex: [To Henry] Very much in the news in the last couple of years.)
HenryWhat is Crimea?
$0
LisaWhat is Checyna
$7,599
NickWhat is Crimea?
$5,201
Crimea

Final scores:

Henry Lisa Nick
$1,100 $1 $15,201
2nd place: $2,000 3rd place: $1,000 New champion: $15,201

Game dynamics:

Coryat scores:

Henry Lisa Nick
$5,200 $9,600 $10,000
8 R
(including 1 DD),
4 W
(including 1 DD)
18 R,
4 W
(including 1 DD)
17 R,
2 W

Combined Coryat: $24,800

[game clues] [game scores] [suggest correction]

Game tape date: 2017-10-24
The J! Archive is created by fans, for fans. Scraping, republication, monetization, and malicious use prohibited; this site may use cookies and collect identifying information. See terms. The Jeopardy! game show and all elements thereof, including but not limited to copyright and trademark thereto, are the property of Jeopardy Productions, Inc. and are protected under law. This website is not affiliated with, sponsored by, or operated by Jeopardy Productions, Inc. Join the discussion at JBoard.tv.